Tennis de A à Z - Statistiques

Statistiques générales
  • Ce quiz a été pris 140 fois
    17 depuis la dernière actualisation
  • Le résultat moyen est 15 sur 26
Statistiques - réponses
Indice Réponses % Correct
A Service non touché par l'adversaire Ace
94%
B Gagner un jeu de service de l'adversaire Break
94%
E Séquence de coups entre deux joueurs Echange
94%
C Terrain de jeu délimité Court
88%
F Perte du point après une balle envoyée dans le filet Faute
88%
G Nom collectif des quatre tournois majeurs Grand Chelem
88%
L Coup en hauteur destiné à passer au-dessus d'un joueur au filet Lob
81%
J Unité de score composée de points (15, 30, 40) Jeu
75%
T Jeu décisif joué à 6 jeux partout pour déterminer le vainqueur du Set Tie-break
63%
U Grand tournoi se déroulant à New York US Open
63%
I Arrêt temporaire du jeu, souvent dû à la pluie Interruption
56%
Q Phase de tournoi où les joueurs se battent pour accéder au tableau principal Qualifications
56%
R Coup frappé avec le dos de la main orienté vers la direction du coup Revers
56%
S Un effet donné à la balle qui la fait passer avec une trajectoire incurvée, souvent utilisé pour sortir l'adversaire du terrain Slice
56%
V Coup frappé avant que la balle ne touche le sol Vollée
56%
D Score d'égalité à 40-40 Deuce
50%
M Unité de score composée de jeux Manche
50%
Z Région délimitée du court Zone
50%
P Coup visant à passer à côté de l'adversaire monté au filet Passing
44%
K Type de service avec beaucoup d'effet lifté Kick
38%
N Filet qui sépare le court en deux moitiés Net
31%
O Nom générique pour la plupart des grands tournois de tennis professionnels Open
31%
H Système de révision vidéo utilisé pour contester les décisions de ligne Hawk-eye
25%
W Défaite par forfait, l'adversaire n'ayant pas pu ou voulu jouer Walkover / WO
25%
Y Marque japonaise réputée pour ses raquettes de tennis avec une forme de tamis souvent isométrique Yonex
25%
X Belge, ancien top 20 ATP. Très connu en double aussi Xavier Malisse
0%
Aucun quiz correspondant
Distribution des résultats
% des personnes avec chaque résultat
Percentile par nombre de réponses
Votre historique - résultats
Vous n’avez pas pris ce quiz depuis la dernière actualisation